00310nam a2200121Ia 4500008005000000041000800050082001100058100001300069245003600082260004200118300002000160440000800180240112s1971 JUL-DEC xx 000 0 und d aeng a617.05 aDAVIS L. aSURGERY GYNECOLOGY & OBSTETRICS bMARTIN MEMORABLE FOND.c1971 JUL-DEC a1088,HBc(7-12) v133